000 01523nam a22003017a 4500
003 OSt
005 20260417234005.0
008 260309b |||||||| |||| 00| 0 eng d
040 _bEnglish.
_cCvSU-CCAT Campus Library.
_erda.
050 _aUM LC 1059.P6
_bP37 2001
100 _aPareja, Julius A., author.
_919286
245 _aEmployability of the graduates of the Bachelor of Science in Industrial Technology Major in Electrical and Mechanical Technology of the Cavite College of Arts and Trades. S.Y. 1995-1996 to 1999-2000 /
_cJulius A. Pareja, Ramon A. Quines, Jaime H. Cruzada.
260 _aRosario, Cavite :
_bCavite State University-CCAT Campus,
_c2001
300 _aii, 23 leaves :
_billustrations ;
_c28 cm
500 _aUndergraduate Thesis (BSIT) -- Cavite State University-CCAT Campus, 2001.
504 _aIncludes bibliographical references and appendices.
546 _aIn English text
650 0 _aIndustrial technology
_919288
_xStudy and teaching
_zPhilippines
650 0 _aElectrical technology
_919295
_xStudy and teaching
_zPhilippines
650 0 _aMechanical Technology
_919167
_xStudy and teaching
_zPhilippines
650 0 _aCollege graduates
_99507
_xEmployment
_zCavite, Philippines
650 0 _aTechnical education
_915752
_zCavite, Philippines
700 _aQuines, Ramon A., author.
_919296
700 _aCruzada, Jaime H., author.
_919297
700 _aSarinas, Purificasion S., adviser.
_914405
942 _2lcc
_cT/M/D
_hLC 1059.P6 P37 2001
_kUM
999 _c4883
_d4883